| 000 | 00591nam a2200181 i 4500 | ||
|---|---|---|---|
| 001 | 72568 | ||
| 003 | ES-MaACL | ||
| 005 | 20230906171458.0 | ||
| 007 | t| | ||
| 008 | 040901s1926 fr ||||1| fre d | ||
| 100 | 1 |
_aGlasson, Ernest-Désiré. _957412 |
|
| 245 | 1 | 0 |
_aTraité theorique et pratique d'organisation judiciaire de competence et de procedure civile / _cpar Rnest Glasson et Albert Tissier. |
| 250 | _a3éme ed. | ||
| 260 |
_a[S.l. : _bs.n.], _c1926 ( _eMayenne : _fImp. F. Coch) |
||
| 300 |
_a2 v. ; _c23 cm. |
||
| 700 | 1 |
_aTissier, Albert. _9110339 |
|
| 852 |
_aES-MaACL _jF-4460 |
||
| 999 |
_c72568 _d72568 |
||